Statistics for Cities in Squares on a Map - Canada

Click here to take the quiz!

General Stats

  • This quiz has been taken 102 times
  • The average score is 20 of 36

Answers on the Map

Answers color-coded by a green-red scale on the quiz's map according to % correct below.
 

Answer Stats

City% Correct
Toronto
100%
Montreal
96%
Vancouver
96%
Calgary
95%
Edmonton
95%
Ottawa
95%
Winnipeg
90%
Halifax
88%
Saint John
86%
Saskatoon
86%
St. John's
86%
Yellowknife
86%
Regina
83%
Whitehorse
73%
Hamilton
66%
Thunder Bay
66%
Iqaluit
65%
Kelowna
48%
Prince George
38%
Sudbury
38%
Fort McMurray
36%
Prince Rupert
34%
Brandon
31%
Lethbridge
27%
Saguenay
27%
Gaspé
25%
Sydney
23%
Timmins
23%
Corner Brook
22%
Thompson
22%
Rimouski
21%
Grande Prairie
19%
Lloydminster
19%
Val-d'Or
19%
Gander
18%
Yorkton
12%

Score Distribution

Percentile by Number Answered

Percent of People with Each Score

Your Score History

You have not taken this quiz